LIBRARY & INFORMATION CENTRE, KCAET, TAVANUR

ONLINE PUBLIC ACCESS CATALOGUE (OPAC)

Applied mechanics dynamics / (Record no. 8728)

MARC details
000 -LEADER
fixed length control field 00428cam a2200169ua 4500
041 ## - LANGUAGE CODE
Language code of text/sound track or separate title eng
082 ## - DEWEY DECIMAL CLASSIFICATION NUMBER
Classification number 531.3
Item number HOU/AP
100 ## - MAIN ENTRY--AUTHOR NAME
Personal name Housner, George W .
245 ## - TITLE STATEMENT
Title Applied mechanics dynamics /
250 ## - EDITION STATEMENT
Edition statement 2 /
260 ## - PUBLICATION, DISTRIBUTION, ETC. (IMPRINT)
Place of publication New York :
Name of publisher D Van nostrand co ,
Year of publication 1963.
300 ## - PHYSICAL DESCRIPTION
Number of Pages 392 ; .
700 1# - ADDED ENTRY--PERSONAL NAME
Personal name Hudson, Donald E.
942 ## - ADDED ENTRY ELEMENTS (KOHA)
Koha item type Books
Holdings
Withdrawn status Lost status Damaged status Home library Current library Date acquired Full call number Accession Number Koha item type Public note
Withdrawn     KAUAET KAUAET 07/04/2012 531.3 4080 Books Deleted
free website counter